Tilastot visalle Kirjaimeen N päättyviä kaupunkeja vihjeiden mukaan

Klikkaa tästä pelataksesi tätä visaa!

Yleistilastot

  • Tätä visaa on pelattu 225 kertaa
  • Keskiarvotulos 11 / 20

Vastaustilastot

VihjeKaupunki% Oikein
Norjan toiseksi suurin kaupunkiBergen
86%
Euroopan mantereen läntisin suurkaupunkiLissabon
80%
Ranskan toiseksi tai kolmanneksi suurin kaupunki riippuen mittaustavastaLyon
78%
Jordanian pääkaupunkiAmman
74%
Suuri kaupunki Uuden-Seelannin Pohjoissaaren eteläkärjessäWellington
74%
Tässä Yhdysvaltain kaupungissa pidettiin tunnetut "teekutsut" vuonna 1773Boston
68%
Lähi-idän toiseksi väkirikkain kaupunki Kairon jälkeenTeheran
67%
Texasin pääkaupunkiAustin
66%
Liffeyjoen varrella sijaitseva kaupunki, jonka toinen paikallinen nimi on "Baile Átha Cliath"Dublin
62%
Belvederen palatsi ja Schönbrunnin linna kuuluvat sen nähtävyyksiinWien
56%
Pablo Escobarin kartelli oli peräisin tästä kaupungistaMedellín
43%
Yllä oleva voidaan laskea osaksi tätä laajaa kaupunkirykelmääKanton
42%
Tunnettiin aiemmin nimellä RangoonYangon
40%
Merkittävä matkailijoiden suosima kaupunki Jukatanin niemimaallaCancún
35%
Paavi asui tässä Ranskan eteläosien kaupungissa 1300-luvullaAvignon
34%
Etelä-Afrikan kolmanneksi suurin kaupunkiDurban
34%
Norsunluurannikon suurin kaupunkiAbidjan
33%
Kaupunki Hongkongin pohjoispuolellaShenzhen
32%
Maailman timanttikaupan keskusAntwerpen
29%
Sudanin suurin rannikkokaupunkiPort Sudan
27%

Tulosjakauma

Persentiili vastausten määrän mukaan

Jokaisen tuloksen saaneiden osuus

Tuloshistoriasi

Et ole pelannut tätä visaa